Exploring Maths 2 : (Record no. 12824)
[ view plain ]
| 000 -LEADER | |
|---|---|
| fixed length control field | 00618nam a2200217 a 4500 |
| 005 - DATE AND TIME OF LATEST TRANSACTION | |
| control field | 20140310182410.0 |
| 008 - FIXED-LENGTH DATA ELEMENTS--GENERAL INFORMATION | |
| fixed length control field | 130711s19uu xx 00 eng d |
| 020 ## - INTERNATIONAL STANDARD BOOK NUMBER | |
| International Standard Book Number | 9781405844093 |
| 100 ## - MAIN ENTRY--PERSONAL NAME | |
| Personal name | Straker, Anita |
| 245 #0 - TITLE STATEMENT | |
| Title | Exploring Maths 2 : |
| Remainder of title | home book / |
| Statement of responsibility, etc | Anita Straker. |
| 260 ## - PUBLICATION, DISTRIBUTION, ETC. (IMPRINT) | |
| Place of publication, distribution, etc | Great Britain, Scotprint : |
| Name of publisher, distributor, etc | Pearson Longman, |
| Date of publication, distribution, etc | c2008. |
| 300 ## - PHYSICAL DESCRIPTION | |
| Extent | 128 p. |
| 650 ## - SUBJECT ADDED ENTRY--TOPICAL TERM | |
| Topical term or geographic name as entry element | Measurement |
| General subdivision | Mathemitics |
| 650 ## - SUBJECT ADDED ENTRY--TOPICAL TERM | |
| Topical term or geographic name as entry element | Forms |
| General subdivision | Mathematics |
| 650 ## - SUBJECT ADDED ENTRY--TOPICAL TERM | |
| Topical term or geographic name as entry element | Probabilities |
| General subdivision | mathematics |
| 700 ## - ADDED ENTRY--PERSONAL NAME | |
| Personal name | Fisher, Tony |
| 700 ## - ADDED ENTRY--PERSONAL NAME | |
| Personal name | Hyde, Roslyn |
| 700 ## - ADDED ENTRY--PERSONAL NAME | |
| Personal name | Jennings, Sue |
| 700 ## - ADDED ENTRY--PERSONAL NAME | |
| Personal name | Longstaffe, Jonathan |
| 942 ## - ADDED ENTRY ELEMENTS (KOHA) | |
| Koha item type | Books |
| Withdrawn status | Lost status | Source of classification or shelving scheme | Damaged status | Home library | Current library | Shelving location | Date acquired | Source of acquisition | Cost, normal purchase price | Total Checkouts | Full call number | Barcode | Date last seen | Price effective from | Koha item type | Sub Shelving location |
|---|---|---|---|---|---|---|---|---|---|---|---|---|---|---|---|---|
| Library of Congress Classification | Luxembourg Library | Luxembourg Library | Teachers Reference Section | 07/11/2013 | Donation | 379.12 | QA 11.39.2 St896h 2008 | 19514 | 10/10/2013 | 10/10/2013 | Books | |||||
| Library of Congress Classification | Luxembourg Library | Luxembourg Library | Teachers Reference Section | 04/22/2016 | Library Fund | QA 11.39.2 St896h 2008 | 19513 | 04/22/2016 | 04/22/2016 | Books |